| 000 | 00828nam a2200301Ia 4500 | ||
|---|---|---|---|
| 001 | Z_6177 | ||
| 003 | CHAP | ||
| 008 | 220113s1973 xx 000 0 und d | ||
| 010 | _a169411 | ||
| 040 | _cCHAP | ||
| 082 | _a891.73 D68 C75 1973 | ||
| 100 |
_aDostoievski, Fedor 1821-1881 _9143071 |
||
| 245 |
_aCrimen y castigo / _cFedor Dostoievski; traductor Roberto Pauli |
||
| 250 | _a9a reimpresión | ||
| 260 |
_aMéxico : _b Editorial Diana, _c1973 |
||
| 300 | _a548 p. | ||
| 500 | _aTraduccido de la obra en ruso: Lipectyllaehie h hakazábie | ||
| 503 | _aej.1: Donación | ||
| 650 |
_aLiteratura rusa _xsiglo XIX _9143073 |
||
| 650 |
_aNovela _982011 |
||
| 700 |
_aPauli, Roberto, tr. _9144054 |
||
| 901 | _a891.73 D68 C75 1973 | ||
| 902 | _aA | ||
| 910 | _a1973 | ||
| 942 | _c1 | ||
| 942 | _cc1 | ||
| 999 |
_c169411 _d169411 |
||